000 01356nam a2200229 a 4500
999 _c1658
_d1658
003 AR-BaISA
005 20240724165823.0
006 a||||fr|||| 000 0
007 ta
008 240724s1971 ag ||||f |||| 000 0 spa d
040 _bspa
_cAR-BaISA
082 0 4 _222
_a302.14 Sch81
100 _93448
_aSchutz, William C.
_eaut.
245 1 0 _aTodos somos uno:
_bla cultura de los encuentros /
_cWilliam C. Schutz
260 _aBuenos Aires:
_bAmorrortu,
_c1971
300 _a[297] p.
504 _aBibliografía p.: 288-291
505 _tUNA CONCEPCIÓN SOBRE EL HOMBRE Y LA RELACIÓN HUMANA:
_tEl cuerpo --
_tEl concepto de sí mismo --
_tLo interpersonal --
_tSinceridad y franqueza --
_tMisticismo y espiritualidad --
_tKundalini yoga --
_tLa integración del individuo --
_tEl grupo --
_tResponsabilidad --
_tEL GRUPO DE ENCUENTRO ABIERTO:
_tUn laboratorio típico --
_tSesiones de apertura --
_tEjemplo de microlaboratorio --
_tLas reglas del encuentro abierto --
_tLas técnicas del encuentro abierto --
_tLa energía y el coordinador de grupo --
_tEl coordinador de grupo como ser humano --
_tLa capacitación de coordinadores de grupos --
_tOtros problemas --
_tAplicaciones --
_tPrograma de experiencias ulteriores --
_tBOLETINES INFORMATIVOS
650 1 4 _91235
_aPsicología social
650 1 4 _92462
_aMulticulturalismo
942 _2ddc
_cLI
_e22